000 00888pam a2200277 a 4500
001 950823
003 OSt
005 20180116183054.0
008 840224s1985 nyua b 001 0 eng
010 _a 84004365
020 _a0070634033 :
_c$59.95 (est.)
040 _aDLC
_cDLC
_dDLC
050 0 0 _aTS155.6
_b.C36 1985
082 0 0 _a620.0042502854 TEI 1985
_219
100 _aTeicholz,Eric
245 0 0 _aCAD/CAM handbook /
_cEric Teicholz, editor-in-chief.
260 _aNew York :
_bMcGraw-Hill,
_cc1985.
300 _a1 v. (various pagings) :
_bill. ; HB.
_c29 cm.
440 4 _aThe McGraw-Hill designing with systems series
504 _aIncludes bibliographies and index.
650 0 _aCAD/CAM systems
_xHandbooks, manuals, etc.
700 1 _aTeicholz, Eric.
740 0 _aC.A.D./C.A.M. handbook.
906 _a7
_bcbc
_corignew
_d1
_eocip
_f19
_gy-gencatlg
942 _2ddc
_cBK
999 _c351755
_d351755